01005nam a22002057a 450000500170000000800410001702000180005804000070007604100120008308200200009510000290011524500930014426000490023730000260028636500480031252003830036065000120074370000200075570000240077520220202101931.0220202b ||||| |||| 00| 0 eng d a9788175994072 cAL aEnglish 223a599.5bGREN aBikram Grewal and others aNaturalists Guide to the Mammals of India:Pakistan Nepal Bhutan Bangladesh and Sri Lanka aNew DelhibPrakash books India Pvt.Ltdc2018 a176 p.bPBc18x13 cm. a5517b₹399.20c20%d₹499.00e29-01-2022 aA Naturalist s Guide to the Mammals of India Book Information: This easy-to-use identification guide to the 280 mammal species most commonly seen in India is perfect for resident and visitor alike. High quality photographs from India s top nature photographers are accompanied by detailed species descriptions, which include nomenclature, size, distribution, habits and habitat. aZoology aGREWAL (Bikram) aCHAKRAVARTY (Rohit)